000 00363nam a22001577a 4500
003 MPLRDC
005 20220104123654.0
008 210129b ||||| |||| 00| 0 eng d
082 _a414.8 LJH
100 _a梁剑辉编
245 _a古方饮食疗法
_c
260 _a
_b港青出版社
_c1984
300 _b
650 _a医话
942 _cBK
_o414.8 LJH
999 _c13269
_d13259